L'Invitation au voyage - Charles Baudelaire - Statistiques

Statistiques générales
  • Ce quiz a été pris 21 fois
  • Le résultat moyen est 64 sur 172
Statistiques - réponses
Réponse % Correct
à
100%
A
100%
l'
100%
qu'
93%
D'
87%
d'
87%
et
87%
la
80%
Là,
80%
La
80%
qui
73%
te
73%
beauté,
67%
calme
67%
Le
67%
ma
67%
Mon
67%
mon
67%
n'est
67%
tout
67%
Tout
67%
volupté.
67%
Au
60%
en
60%
Luxe,
60%
or ;
60%
pays
60%
De
53%
de
53%
douce
53%
douceur
53%
Les
53%
les
53%
ordre
53%
aller
47%
enfant,
47%
ensemble !
47%
là-bas
47%
ressemble !
47%
soeur,
47%
Songe
47%
vivre
47%
Dans
40%
du
40%
par
40%
Des
33%
loisir,
33%
une
33%
Aimer
27%
est
27%
mourir
27%
sur
27%
Ton
27%
âme
20%
ont
20%
Pour
20%
pour
20%
Si
20%
ans,
13%
ces
13%
charmes
13%
Dont
13%
fleurs
13%
meubles
13%
notre
13%
Polis
13%
Sa
13%
tes
13%
Vois
13%
y
13%
Aux
7%
bout
7%
brouillés
7%
canaux
7%
canaux,
7%
champs,
7%
chaude
7%
ciels
7%
Dormir
7%
larmes.
7%
lumière.
7%
monde.
7%
monde
7%
mystérieux
7%
plafonds,
7%
plus
7%
riches
7%
senteurs
7%
travers
7%
vagues
7%
vaisseaux
7%
yeux,
7%
ambre,
0%
assouvir
0%
Brillant
0%
C'est
0%
chambre ;
0%
couchants
0%
Décoreraient
0%
désir
0%
entière,
0%
esprit
0%
humeur
0%
hyacinthe
0%
langue
0%
leurs
0%
luisants,
0%
Mêlant
0%
miroirs
0%
moindre
0%
mouillés
0%
natale.
0%
odeurs
0%
orientale,
0%
parlerait
0%
profonds,
0%
Qu'ils
0%
rares
0%
Revêtent
0%
secret
0%
s'endort
0%
soleils
0%
splendeur
0%
traîtres
0%
vagabonde ;
0%
viennent
0%
ville
0%
Aucun quiz correspondant
Distribution des résultats
% des personnes avec chaque résultat
Percentile par nombre de réponses
Votre historique - résultats
Vous n’avez pas pris ce quiz